Reactivación del Mercado Común. Segunda parte. Propuestas Concretas

Guardat en:
Dades bibliogràfiques
Format: Text
Etiquetes: Afegir etiqueta
Sense etiquetes, Sigues el primer a etiquetar aquest registre!

MARC

LEADER 00000 a a2200000 04500
001 4378
003
040
245 |a Reactivación del Mercado Común. Segunda parte. Propuestas Concretas  
773 |g número 10; páginas 39-117  
999 |c 33023  |d 33023